Normal view MARC view
  • Project Supervisor: Col. Dr. Aqib Perwaiz Co-Supervisors: Dr. Muwahida Liaquat Dr. Taosif Iqbal

Entry Personal Name

Number of records used in: 1

001 - CONTROL NUMBER

  • control field: 73023

003 - CONTROL NUMBER IDENTIFIER

  • control field: NUST

005 - DATE AND TIME OF LATEST TRANSACTION

  • control field: 20210628204944.0

008 - FIXED-LENGTH DATA ELEMENTS

  • fixed length control field: 210628|| aca||aabn | a|a d

040 ## - CATALOGING SOURCE

  • Original cataloging agency: NUST
  • Transcribing agency: NUST

100 ## - HEADING--PERSONAL NAME

  • Personal name: Project Supervisor: Col. Dr. Aqib Perwaiz Co-Supervisors: Dr. Muwahida Liaquat Dr. Taosif Iqbal

670 ## - SOURCE DATA FOUND

  • Source citation: Work cat.: (NUST): NC Sana Riaz PC Sobia Farooq 73022, PR-SOF-1901-Customized Power Supply for Li-Ion Version of Pag Belt, 2020
© 2023 Central Library, National University of Sciences and Technology. All Rights Reserved.